Milḥemet sheshet ha-yamim = (Record no. 33158)

MARC details
000 -LEADER
fixed length control field 00866cam a22002411 4500
001 - CONTROL NUMBER
control field he 68000946
003 - CONTROL NUMBER IDENTIFIER
control field DLC
005 - DATE AND TIME OF LATEST TRANSACTION
control field 20260227111456.0
008 - FIXED-LENGTH DATA ELEMENTS--GENERAL INFORMATION
fixed length control field 940517s1967 is abch 000 0 hebr
010 ## - LIBRARY OF CONGRESS CONTROL NUMBER
LC control number he 68000946
035 ## - SYSTEM CONTROL NUMBER
System control number (OCoLC)30450809
040 ## - CATALOGING SOURCE
Original cataloging agency DLC
Transcribing agency CU
Modifying agency CU
-- DLC
042 ## - AUTHENTICATION CODE
Authentication code premarc
050 00 - LIBRARY OF CONGRESS CALL NUMBER
Classification number DS127
Item number .S53
245 00 - TITLE STATEMENT
Title Milḥemet sheshet ha-yamim =
Remainder of title The six-day war = La guerre des six jours. 26. be-Iyar-2. be-Siṿan 727, 5.-10. 6. 1967.
Statement of responsibility, etc. [ha-ʻOrekh: Naftali Arbel.
260 ## - PUBLICATION, DISTRIBUTION, ETC.
Place of publication, distribution, etc. Tel-Aviv]
Name of publisher, distributor, etc. M. Mizraḥi
Date of publication, distribution, etc. [1967]
300 ## - PHYSICAL DESCRIPTION
Extent 320 p.
Other physical details (chiefly illus., facsims., maps, ports.)
Dimensions 31 cm.
501 ## - WITH NOTE
With note In case, as issued, with Milḥamah ṿe-nitsaḥon. [Tel-Aviv] M. Mizraḥi [1967]
650 #0 - SUBJECT ADDED ENTRY--TOPICAL TERM
Topical term or geographic name entry element Israel-Arab War, 1967
Form subdivision Pictorial works.
740 0# - ADDED ENTRY--UNCONTROLLED RELATED/ANALYTICAL TITLE
Uncontrolled related/analytical title Six-day war.
740 0# - ADDED ENTRY--UNCONTROLLED RELATED/ANALYTICAL TITLE
Uncontrolled related/analytical title Guerre des six jours.
700 1# - ADDED ENTRY--PERSONAL NAME
Personal name Arbel, Naftali.

No items available.

Powered by Koha